01638nam a2200373 a 4500001001000000003000500010005001700015008004100032010001100073011001100084040000900095090001000104100004600114245020000160260004100360500006000401502007700461590004100538590004000579590004000619590004000659650003300699650004400732650002800776650002600804650004600830856007000876901000700946942001000953942000600963999001900969952014000988952013601128000111183CHAP20250813125459.0150115s2014 mx a fsm |||||||spa d a107645 a108617 cCHAP aTesis1 aMauricio Pérez, Janeth Marisela912900510aPresencia de arvenses e insectos benéficos en tangor 'Ortanique', y su influencia en la población de Diaphorina citri Kuwayama en Veracruzh[En línea]cpor Janeth Marisela Mauricio Pérez. aChapingo, Méx. :bEl autor,c2014. aPara ver el contenido del material haga clic en la liga aTesis (Ing. Agr. Esp. en Fitotecnia) -- UACH. Departamento de Fitotecnia aE11695DGDb10c20150120lUCH01h1058 aE5995AHEb05c20150115lUCH01h0907 aE5995AHEb05c20150115lUCH01h0908 aE5995AHEb05c20150115lUCH01h092114aCítricosxVeracruz.92447214aControl biológico de insectos.92758214aDiaphorina citri93242014aMalas hierbas.96999614aSuelosxConservaciónxVeracruz.9110318 aFinding aiduhttp://10.13.5.2/tesis/sist111183.pdfzTeclea aquí aBK cTESIS n0 c107645d107645 00102local4053708TESISaBCbBCcPA_TESISd2015-01-15fTESISl0oTesisp33724002439868r2019-12-31 00:00:00tc.2w2019-12-31yTESIS 00104054718TESISaBCbBCd2015-01-15fTESISl0oTesisp33724002439900r2019-12-31 00:00:00w2019-12-31yTESISzRecien adquirido